Sử dụng khoai mà (Dioscorea alata) trong khẩu phần nuôi heo thịt giống địa phương (Luận án Thạc sĩ Nông nghiệp, chuyên ngành Chăn nuôi động vật nông nghiệp)

Công trình giới thiệu việc sử dụng khoai mà thay thế tấm cám có bổ sung lysine và methionine trong 70

Wedi'i Gadw mewn:
Manylion Llyfryddiaeth
Prif Awdur: Nguyễn Văn Sơn
Fformat: Llyfr
Iaith:Undetermined
Cyhoeddwyd: Cần Thơ Trường Đại học Cần Thơ - Khoa Nông nghiệp 1997
Pynciau:
Tagiau: Ychwanegu Tag
Dim Tagiau, Byddwch y cyntaf i dagio'r cofnod hwn!
Thư viện lưu trữ: Trung tâm Học liệu Trường Đại học Cần Thơ
LEADER 00928nam a2200193Ia 4500
001 CTU_29447
008 210402s9999 xx 000 0 und d
082 |a 636 
082 |b S464ng 
100 |a Nguyễn Văn Sơn 
245 0 |a Sử dụng khoai mà (Dioscorea alata) trong khẩu phần nuôi heo thịt giống địa phương (Luận án Thạc sĩ Nông nghiệp, chuyên ngành Chăn nuôi động vật nông nghiệp) 
245 0 |c Nguyễn Văn Sơn 
260 |a Cần Thơ 
260 |b Trường Đại học Cần Thơ - Khoa Nông nghiệp 
260 |c 1997 
520 |a Công trình giới thiệu việc sử dụng khoai mà thay thế tấm cám có bổ sung lysine và methionine trong 70 
650 |a swine - breeding,swine - feeding and feeds 
904 |i Minh, 990405 
980 |a Trung tâm Học liệu Trường Đại học Cần Thơ